Estatísticas para Maiores Cidades do Rio Grande do Norte

Clique aqui para jogar o quiz

Estatísticas Gerais

  • Esse quiz foi jogado 679 vezes
    (669 desde o último reset)
  • A pontuação média é 10 de 20

Respostas no mapa

Respostas codificadas por cores de uma escala verde-vermelha no mapa do quiz de acordo com a % correta abaixo.
 

Estatísticas das Respostas

PopulaçãoCidade% Correto
890.480Natal
100%
274.500Mossoró
83%
267.040Parnamirim
70%
62.620Caicó
61%
43.170Assu
53%
87.630São Gonçalo do Amarante
50%
50.210Macaíba
49%
38.490Ceará-Mirim
48%
39.770Currais Novos
47%
18.090Apodi
46%
28.180Pau dos Ferros
46%
24.310Macau
42%
18.570Extremoz
41%
34.070Santa Cruz
41%
22.450Areia Branca
38%
18.360Goianinha
38%
25.730Nova Cruz
35%
22.610Canguaretama
33%
20.280São José de Mipibu
33%
24.720João Câmara
32%

Distribuição das Pontuações

Percentil de Números Respondidos

Porcentagem de Pessoas com Cada Pontuação

Sua Pontuação Histórica

Você não jogou esse quiz desde o último reset